Coral reeps / (Record no. 610)

MARC details
000 -LEADER
fixed length control field 00647nam a22002297a 4500
005 - DATE AND TIME OF LATEST TRANSACTION
control field 20250828103718.0
020 ## - INTERNATIONAL STANDARD BOOK NUMBER
International Standard Book Number 9781740898003
040 ## - CATALOGING SOURCE
Original cataloging agency FISKH
Language of cataloging eng
Transcribing agency FISKH
Modifying agency FISKH
082 ## - DEWEY DECIMAL CLASSIFICATION NUMBER
Classification number 577.7/89
100 ## - MAIN ENTRY--PERSONAL NAME
Personal name Coupe, Robert.
Dates associated with a name 1941-
245 ## - TITLE STATEMENT
Title Coral reeps /
Statement of responsibility, etc. by Coupe, Robert.
260 ## - PUBLICATION, DISTRIBUTION, ETC.
Place of publication, distribution, etc. Sydney :
Name of publisher, distributor, etc. Weldon Owen ;
Date of publication, distribution, etc. 2008.
300 ## - PHYSICAL DESCRIPTION
Extent 32 pages ;
Other physical details color illustrations;
Dimensions 23 cm.
490 ## - SERIES STATEMENT
Series statement Top Readers (Stage 3)
505 ## - FORMATTED CONTENTS NOTE
Formatted contents note Q <br/>
520 ## - SUMMARY, ETC.
Summary, etc. Describes life in and near a coral reef.
521 ## - TARGET AUDIENCE NOTE
Target audience note 890 <br/>
Source Lexile <br/>
521 ## - TARGET AUDIENCE NOTE
Target audience note Q <br/>
Source Raz-Plus <br/>
650 ## - SUBJECT ADDED ENTRY--TOPICAL TERM
Source of heading or term Ocean
Topical term or geographic name entry element Coral reefs
Form subdivision Non Fiction
942 ## - ADDED ENTRY ELEMENTS (KOHA)
Source of classification or shelving scheme Dewey Decimal Classification
Koha item type Books
Suppress in OPAC No
999 ## -
-- 610
-- 610
Holdings
Withdrawn status Lost status Source of classification or shelving scheme Damaged status Not for loan Collection Home library Current library Shelving location Date acquired Total Checkouts Full call number Barcode Date last seen Price effective from Koha item type Copy number
    Dewey Decimal Classification     Non-Fiction Footprints International School Library Network Toul Kork Campus Footprints International School Library Network Toul Kork Campus A TK Campus, 4th Floor, Room B401, Non-Fiction Bookcases(7-8) 06/26/2023   COU 577.7/89 FISTK01035 06/26/2023 06/26/2023 Books  
    Dewey Decimal Classification     Non-Fiction Footprints International School Library Network Toul Tom Poung Campus Footprints International School Library Network Toul Tom Poung Campus TTP Secondary Non-Fiction Bookshelves 08/28/2025   COU 577.7/89 FISBK00041 08/28/2025 08/28/2025 Books 2
    Dewey Decimal Classification     Non-Fiction Footprints International School Library Network Toul Tom Poung Campus Footprints International School Library Network Toul Tom Poung Campus TTP Secondary Non-Fiction Bookshelves 08/28/2025   COU 577.7/89 FIS01340 08/28/2025 08/28/2025 Books 3